000 00955nam a22002177a 4500
999 _c58025
_d58025
003 Ge_BSU
005 20210513154354.0
008 210513s1978 ||||| |||| 00| 0 geo d
041 _ageo
080 _a530.145 ვ-25
100 _aვაშაკიძე, ი.
_911787
245 _aკვანტური მექანიკა /
_cი.ვაშაკიძე, ვ.მამასახლისოვი, გ.ჭილაშვილი.
250 _aმე-2 შევსებული და გადამუშავებული გამოცემა
300 _a550 გვ. :
_bილ. ;
_c 26 სმ.
504 _aსაგანთა საძიებელი: გვ. 543-546.
653 _aკვანტური მექანიკა
653 _aფიზიკა
700 _aმამასახლისოვი, ვ
_911788
700 _aჭილაშვილი, გ
_911789
942 _2udc
_cBK